| 000 | 00916nam a2200217 i 4500 | ||
|---|---|---|---|
| 001 | 140322 | ||
| 003 | ES-MaACL | ||
| 005 | 20251129063053.0 | ||
| 007 | t| | ||
| 008 | 070214s1985 sp r ||||1| spa d | ||
| 100 | 1 |
_aSegura, Enrique, _d1906-1994 _9164635 |
|
| 245 | 1 | 0 |
_aEnrique Segura _b: [exposición] : Centro de Exposiciones y Congresos de la Caja de Ahorros y Monte de Piedad de Zaragoza, Aragón y Rioja, del 3 al 23 de septiembre de 1985. |
| 260 |
_aZaragoza : _bCaja de Ahorros y Monte de Piedad de Zaragoza, Aragón y Rioja, _c1985. |
||
| 300 |
_a40 p. : _bprincipalmente il. ; _c30 cm. |
||
| 600 | 1 | 7 |
_aSegura, Enrique, _d1906-1994- _xExposiciones _2 _9164636 |
| 655 | 7 |
_2tgfbne _9193628 _aCatálogos de exposiciones |
|
| 710 | 2 |
_aCaja de Ahorros y Monte de Piedad de Zaragoza, Aragón y Rioja. _92326 |
|
| 852 |
_aES-MaACL _j2135-F-34 _bR.109316 |
||
| 942 | _2udc | ||
| 999 |
_c140322 _d140322 |
||